| 000 | 00536nam a2200181Ia 4500 | ||
|---|---|---|---|
| 008 | 240729s9999 xx 000 0 und d | ||
| 022 | _a2398-9238 | ||
| 245 | 0 | _aEndocrinology, Diabetes & Metabolism | |
| 260 | _aUnited States | ||
| 260 | _bWiley | ||
| 650 | _a Diseases of the endocrine glands. Clinical endocrinology | ||
| 650 | _a Internal medicine | ||
| 650 | _a Specialties of internal medicine | ||
| 650 | _aMedicine | ||
| 856 | _uhttps://doaj.org/toc/8cb0875e38e242c0935bd92d5e04b4b2 | ||
| 942 | _2ddc | ||
| 942 | _cDOAJEJ | ||
| 999 |
_c72687 _d72687 |
||
| 945 |
_a1 _bMadushi Gamage _c1 _dMadushi Gamage |
||